000 00742nam a22002177a 4500
005 20251003111231.0
008 251003b |||||||| |||| 00| 0 eng d
020 _a9781119930273
082 _aDC 307.76 K141 2024
100 _aKaplan, David H.
_968354
245 _aUrban geography /
_bDavid H. Kaplan and Steven R. Holloway.
250 _aFourth edition
260 _aNew Jersey :
_bJohn Wiley & Sons, Inc.,
_c©2024.
300 _axiii, 509 pages :
_billustrations ;
_c24 cm.
500 _aIncludes index.
650 0 _aUrban geography
_xTextbooks.
_968438
650 0 _aHuman geography
_xTextbooks.
_968439
650 0 _aCity and town life
_xTextbooks.
_968440
700 _aHolloway, Steven R.
_968355
_eauthor.
942 _2ddc
_cDC
999 _c23950
_d23950